000 00476nam a2200157Ia 4500
008 210716s1989 xx 000 0 und d
020 _a0201175711
041 _aeng
082 _a658.848 ALBJ
100 _aAlbaum, Gerald;Strandskov, Jesper;Duerr, Edwin;Dowd, Laurence.
245 _aInternational marketing and export management.
250 _a1
260 _aEngland
_bAddison wesley Publishing Company
_c1989
300 _axiii,405
650 _aInternational Marketing
999 _c200852
_d200852